[Event "34th Leon Blitz Open 2021"]
[Site "chess.com INT"]
[Date "2021.07.07"]
[Round "8"]
[White "Sliwicka, Alicja"]
[Black "Mogirzan, Matei-Valeriu"]
[Result "0-1"]
[WhiteTitle "WIM"]
[BlackTitle "CM"]
[WhiteElo "2308"]
[BlackElo "1813"]
[WhiteFideId "1150677"]
[BlackFideId "1257455"]
[EventDate "2021.07.07"]

1. e4 e5 2. Nf3 Nf6 3. Nc3 Nc6 4. a3 Bc5 5. Nxe5 O-O 6. Nxc6 dxc6 7. Be2 Ng4 8.
Bxg4 Qh4 9. d4 Bxg4 10. Qd3 Rad8 11. Be3 Bxd4 12. Bxd4 c5 13. Qg3 Qxg3 14. hxg3
cxd4 15. Nd5 Rfe8 16. f3 Rxd5 17. O-O-O Rdd8 18. fxg4 Rxe4 19. Rhe1 Rde8 20.
Rxe4 Rxe4 21. c3 c5 22. cxd4 Rxd4 23. Rxd4 cxd4 24. Kd2 Kf8 25. Kd3 Ke7 26. Kxd4
Kd6 27. g5 Ke6 28. g4 f6 29. gxf6 Kxf6 30. Ke4 Kg5 31. Kf3 Kh4 32. g3+ Kg5 33.
b3 a6 34. b4 b5 35. Kf2 Kxg4 36. Kg2 g5 37. Kh2 h5 38. Kg2 Kf5 39. Kf3 Ke5 40.
Ke3 h4 41. gxh4 gxh4 42. Kf3 Kd4 43. Kg4 Kc3 44. Kxh4 Kb3 45. Kg5 Kxa3 46. Kf6
Kxb4 47. Ke5 a5 48. Kd4 Kb3 49. Kd3 b4 50. Kd2 Kb2 51. Ke3 a4 52. Kd4 a3 53. Kc4
b3 54. Kb4 a2 0-1

[Event "34th Leon Blitz Open 2021"]
[Site "chess.com INT"]
[Date "2021.07.07"]
[Round "8"]
[White "Musovic, Armin"]
[Black "Djordjevic, Dejan N"]
[Result "1-0"]
[WhiteTitle "FM"]
[BlackTitle "FM"]
[WhiteElo "2282"]
[BlackElo "2144"]
[WhiteFideId "939935"]
[BlackFideId "913316"]
[EventDate "2021.07.07"]

1. a3 Nf6 2. Nc3 c5 3. e4 Nc6 4. Bc4 a6 5. Ba2 d6 6. d3 e6 7. Nge2 Be7 8. O-O
O-O 9. h3 b5 10. Bg5 Bb7 11. f4 Nd7 12. Bxe7 Qxe7 13. Qd2 b4 14. Nd1 a5 15. Ne3
a4 16. f5 bxa3 17. bxa3 Kh8 18. Nf4 Nd4 19. Rae1 Rae8 20. Qf2 Qg5 21. h4 Qe7 22.
Nh5 exf5 23. c3 Nb3 24. Nxf5 Qe5 25. d4 Qe6 26. Nhxg7 Qg6 27. Nxe8 Rxe8 28. Qg3
Rxe4 29. Qxg6 fxg6 30. Nxd6 Rxe1 31. Rxe1 Bd5 32. dxc5 Ndxc5 33. Re7 Kg8 34. Bb1
Nd2 35. Bc2 Ndb3 36. Ra7 Bc6 37. h5 gxh5 38. Bxh7+ Kf8 39. Rf7# 1-0

[Event "34th Leon Blitz Open 2021"]
[Site "chess.com INT"]
[Date "2021.07.07"]
[Round "8"]
[White "Jimenez Martinez, Jose Vicente"]
[Black "Vitenberg, Noam Aviv"]
[Result "1-0"]
[WhiteTitle "FM"]
[BlackTitle "FM"]
[WhiteElo "2271"]
[BlackElo "2315"]
[WhiteFideId "2264021"]
[BlackFideId "1532138"]
[EventDate "2021.07.07"]

1. d4 b5 2. e4 Bb7 3. Bd3 Nf6 4. f3 a6 5. Ne2 d6 6. Be3 Nbd7 7. Nd2 c5 8. c4 b4
9. Qa4 Qc7 10. dxc5 dxc5 11. O-O g6 12. Nf4 Bg7 13. Nd5 Nxd5 14. cxd5 Bxb2 15.
Nc4 Bxa1 16. Rxa1 O-O 17. Bh6 Rfd8 18. Rc1 Rac8 19. g3 Nb6 20. Qb3 Nxc4 21. Bxc4
Qe5 22. Bf4 Qd4+ 23. Kg2 Rf8 24. h4 h5 25. a4 Rcd8 26. Be3 Qe5 27. Bxc5 a5 28.
Qd3 Rc8 29. Bd4 Qc7 30. Bb2 Qb6 31. Bd4 Qd6 32. Qe3 e5 33. dxe6 fxe6 34. Bb2
Rxc4 35. Rxc4 Qd1 36. Rc1 Qd7 37. Qh6 Qf7 38. Qh8# 1-0

[Event "34th Leon Blitz Open 2021"]
[Site "chess.com INT"]
[Date "2021.07.07"]
[Round "8"]
[White "Gallegos Diaz, Carlos Alberto"]
[Black "Vallejo Diaz, Javier"]
[Result "0-1"]
[WhiteTitle "IM"]
[BlackTitle "FM"]
[WhiteElo "2374"]
[BlackElo "2365"]
[WhiteFideId "3900886"]
[BlackFideId "2256398"]
[EventDate "2021.07.07"]

1. e4 e5 2. Nf3 Nc6 3. Bb5 a6 4. Ba4 Nf6 5. O-O Bc5 6. c3 b5 7. Bb3 d6 8. d4
exd4 9. cxd4 Bb6 10. Be3 O-O 11. h3 Na5 12. Bc2 Bb7 13. Nbd2 Qe8 14. e5 Nd5 15.
Re1 dxe5 16. Nxe5 Nxe3 17. fxe3 f6 18. Nef3 Qe7 19. Bd3 c5 20. Qc2 g6 21. Be4
Rac8 22. Bxb7 Qxb7 23. Qe4 cxd4 24. Qxb7 Nxb7 25. exd4 Rc2 26. b4 Rd8 27. Re7
Nd6 28. Rd1 Nf5 29. Re6 Bxd4+ 30. Kh2 Be5+ 31. Nxe5 fxe5 0-1

[Event "34th Leon Blitz Open 2021"]
[Site "chess.com INT"]
[Date "2021.07.07"]
[Round "8"]
[White "Fernandez, Daniel Howard"]
[Black "Sarana, Alexey"]
[Result "0-1"]
[WhiteTitle "GM"]
[BlackTitle "GM"]
[WhiteElo "2487"]
[BlackElo "2640"]
[WhiteFideId "5801605"]
[BlackFideId "24133795"]
[EventDate "2021.07.07"]

1. e4 c5 2. Nc3 d6 3. d4 cxd4 4. Qxd4 Nc6 5. Qd2 g6 6. b3 Bh6 7. f4 f5 8. Bb2
Nf6 9. O-O-O fxe4 10. Kb1 Qa5 11. Nge2 Bf5 12. h3 Nb4 13. Nd4 Bd7 14. a3 Nc6 15.
b4 Qb6 16. Na4 Qc7 17. Nb5 Qb8 18. Nc5 Rf8 19. Nxd7 Nxd7 20. g3 a5 21. Bg2 axb4
22. axb4 Rf5 23. Nd4 Nxd4 24. Qxd4 Qa7 25. Qxa7 Rxa7 26. Bxe4 Rb5 27. c3 Bg7 28.
Bd3 Rb6 29. Kc2 Ra8 30. Rhe1 Rc8 31. Kd2 Nc5 32. Bc2 Kf8 33. Re3 d5 34. Rde1 e5
35. fxe5 Bh6 36. Ba3 Ra6 37. Bc1 Ra2 38. bxc5 Rxc5 39. Kd1 Bxe3 40. Re2 Bxc1 0-1

[Event "34th Leon Blitz Open 2021"]
[Site "chess.com INT"]
[Date "2021.07.07"]
[Round "8"]
[White "Chen, Justin"]
[Black "Gimenez Aguirre, Alejo Ismael"]
[Result "0-1"]
[WhiteTitle "FM"]
[BlackTitle "IM"]
[WhiteElo "2247"]
[BlackElo "2265"]
[WhiteFideId "2098199"]
[BlackFideId "32041667"]
[EventDate "2021.07.07"]

1. d4 Nf6 2. c4 e6 3. Nf3 Bb4+ 4. Bd2 a5 5. g3 O-O 6. Bg2 d5 7. Qc2 Ne4 8. O-O
Nxd2 9. Nbxd2 Bd6 10. e4 c6 11. Rfe1 Nd7 12. e5 Bb4 13. a3 Be7 14. h4 b6 15.
Rac1 Ba6 16. Bf1 Rc8 17. Qb1 h6 18. cxd5 Bxf1 19. dxe6 Bh3 20. exd7 Qxd7 21. Nc4
Qa7 22. Nd6 Bxd6 23. exd6 Rfd8 24. Re7 Qa8 25. Qa2 Rf8 26. Kh2 c5 27. d5 Bf5 28.
Ne5 Rcd8 29. d7 Qb7 30. d6 Kh7 31. Rxf7 Qe4 32. Re7 Bxd7 33. Qb1 Rxf2+ 34. Kg1
Rg2+ 35. Kh1 Rc2+ 36. Nf3 Qxf3+ 0-1

[Event "34th Leon Blitz Open 2021"]
[Site "chess.com INT"]
[Date "2021.07.07"]
[Round "8"]
[White "Sviridova, Vlada"]
[Black "Prohorov, Olexandr"]
[Result "1-0"]
[WhiteTitle "WFM"]
[BlackTitle "FM"]
[WhiteElo "2144"]
[BlackElo "2086"]
[WhiteFideId "24109606"]
[BlackFideId "14105578"]
[EventDate "2021.07.07"]

1. d4 Nf6 2. c4 g6 3. Nc3 d5 4. cxd5 Nxd5 5. e4 Nxc3 6. bxc3 Bg7 7. Bc4 O-O 8.
Ne2 c5 9. O-O Nc6 10. Be3 Bg4 11. f3 Na5 12. Bd3 Bd7 13. Rb1 Qc7 14. d5 c4 15.
Bc2 e6 16. Kh1 Rfd8 17. dxe6 Bxe6 18. Qe1 Nc6 19. Qf2 b6 20. f4 Bg4 21. h3 Bxe2
22. Qxe2 Bxc3 23. Qxc4 Bd4 24. Bxd4 Rxd4 25. Qc3 Qd7 26. Rbd1 Rd8 27. Rxd4 Nxd4
28. Rd1 Qc6 29. Qxc6 Nxc6 30. Rxd8+ Nxd8 31. Kg1 Kf8 32. Kf2 Ke7 33. Ke3 Kd6 34.
Bb3 f6 35. a4 Nc6 36. Bg8 h6 37. g4 g5 38. e5+ fxe5 39. fxg5 hxg5 40. Ke4 Kc5
41. Kf5 Kb4 42. Kxg5 Kxa4 43. Bd5 Ne7 44. Be4 Kb3 45. Kf6 Ng8+ 46. Kxe5 a5 47.
Bd5+ Kc3 48. Bxg8 b5 49. h4 b4 50. h5 a4 51. h6 b3 52. h7 a3 53. h8=Q a2 54.
Kf4+ Kc2 55. Qa1 1-0

[Event "34th Leon Blitz Open 2021"]
[Site "chess.com INT"]
[Date "2021.07.07"]
[Round "8"]
[White "Shreyans, K. Shah"]
[Black "Gabriel, Robert"]
[Result "0-1"]
[WhiteTitle "CM"]
[BlackTitle "FM"]
[WhiteElo "2237"]
[BlackElo "2236"]
[WhiteFideId "5029074"]
[BlackFideId "4606477"]
[EventDate "2021.07.07"]

1. d4 d5 2. Nf3 Nf6 3. Bf4 e6 4. e3 Bd6 5. Bg3 O-O 6. Bd3 b6 7. Nbd2 a5 8. c4
Ba6 9. Rc1 h6 10. O-O Bxg3 11. hxg3 Nbd7 12. Qe2 c5 13. cxd5 Bxd3 14. Qxd3 Nxd5
15. dxc5 Nxc5 16. Qe2 Nb4 17. a3 Qd3 18. Qxd3 Nbxd3 19. Rc3 Nxb2 20. Nc4 Nxc4
21. Rxc4 Rfd8 22. Rb1 Rd6 23. Nd4 e5 24. Nb5 Rd7 25. Nc3 Ra6 26. Na4 Nxa4 27.
Rxa4 f5 28. Rb5 Re7 29. Rc4 Re6 30. Rc8+ Kf7 31. Rd5 a4 32. Rdd8 Ra7 33. Rf8+
Kg6 34. Rb8 Rc7 35. Kh2 Rc3 36. Kh3 Rxa3 37. Ra8 b5 0-1

[Event "34th Leon Blitz Open 2021"]
[Site "chess.com INT"]
[Date "2021.07.07"]
[Round "8"]
[White "Nefedov, Sergey"]
[Black "Vazquez, Facundo"]
[Result "0-1"]
[WhiteTitle "FM"]
[BlackTitle "CM"]
[WhiteElo "2313"]
[BlackElo "2199"]
[WhiteFideId "24113417"]
[BlackFideId "3007669"]
[EventDate "2021.07.07"]

1. d4 Nf6 2. Nf3 g6 3. c4 Bg7 4. Nc3 O-O 5. Bg5 d6 6. Qd2 c5 7. d5 Qa5 8. e4 e6
9. Be2 exd5 10. exd5 Re8 11. O-O Bf5 12. Rfe1 Nbd7 13. Nb5 Qb6 14. Bf4 Ne4 15.
Qc1 a6 16. Nc3 Nxc3 17. bxc3 Ne5 18. Nxe5 Bxe5 19. g4 Bd7 20. Rb1 Qc7 21. Bf3
Bg7 22. Qb2 b5 23. Qb3 Rxe1+ 24. Rxe1 Re8 25. Rxe8+ Bxe8 26. Be2 Qe7 27. Be3 Qe4
28. h3 f5 29. cxb5 f4 30. b6 fxe3 31. b7 exf2+ 32. Kxf2 Bf6 33. Ke1 Bh4+ 34. Kd1
Bg5 35. Qb2 Qh1+ 36. Kc2 Ba4+ 37. Kd3 Qxd5# 0-1

[Event "34th Leon Blitz Open 2021"]
[Site "chess.com INT"]
[Date "2021.07.07"]
[Round "8"]
[White "Arias, Juan Cruz"]
[Black "Lopez Idarraga, Daniel Eduardo"]
[Result "0-1"]
[WhiteTitle "CM"]
[BlackTitle "FM"]
[WhiteElo "2277"]
[BlackElo "2009"]
[WhiteFideId "118540"]
[BlackFideId "4405501"]
[EventDate "2021.07.07"]

1. e4 c5 2. Nf3 e6 3. d4 cxd4 4. Nxd4 Nf6 5. Nc3 Nc6 6. Nb3 Bb4 7. Bd3 d5 8.
exd5 Nxd5 9. Bd2 Bxc3 10. bxc3 O-O 11. O-O b6 12. c4 Nde7 13. Qh5 Ng6 14. Rad1
Bb7 15. Rfe1 Re8 16. Re3 Qf6 17. Rh3 h6 18. Rf3 Qe7 19. Re1 Nce5 20. Rxe5 Bxf3
21. gxf3 Nxe5 22. Qxe5 Qh4 23. Kg2 Rad8 24. Be3 Re7 25. Nd2 f6 26. Qb5 f5 27. f4
g5 28. Qe5 Qg4+ 29. Kf1 Qd1+ 30. Kg2 gxf4 31. Qxf4 Rg7+ 32. Kh3 Qh5+ 33. Qh4 Qg6
34. Qxd8+ Kh7 35. Bg5 Qh5+ 36. Kg2 Rxg5+ 37. Kh1 Rg7 38. Qa8 Qg5 39. Nf3 Qg2# 0-1

[Event "34th Leon Blitz Open 2021"]
[Site "chess.com INT"]
[Date "2021.07.07"]
[Round "8"]
[White "Bluebaum, Matthias"]
[Black "Martinez Alcantara, Jose Eduardo"]
[Result "1-0"]
[WhiteTitle "GM"]
[BlackTitle "GM"]
[WhiteElo "2669"]
[BlackElo "2620"]
[WhiteFideId "24651516"]
[BlackFideId "3805662"]
[EventDate "2021.07.07"]

1. d4 Nf6 2. c4 e6 3. Nc3 Bb4 4. e3 O-O 5. Bd2 b6 6. Bd3 Bb7 7. Nf3 d6 8. b3
Nbd7 9. a3 Bxc3 10. Bxc3 Qe7 11. O-O e5 12. Nd2 a5 13. Qc2 Rfe8 14. Rfe1 Nf8 15.
d5 c5 16. b4 a4 17. bxc5 bxc5 18. Rab1 Bc8 19. Rb2 Ng6 20. Reb1 Ng4 21. h3 Nh6
22. Rb8 Bd7 23. Rxa8 Rxa8 24. Rb7 f5 25. Qb1 e4 26. Be2 Nf7 27. Qb6 Nge5 28. Qc7
Kf8 29. Bd1 Re8 30. Ra7 Qd8 31. Bxe5 Qxc7 32. Bxg7+ Kxg7 33. Rxc7 Rd8 34. f4
exf3 35. gxf3 Kf6 36. f4 Be8 37. Rb7 Ra8 38. Kf2 h6 39. e4 Nd8 40. Rb6 Ke7 41.
e5 Nf7 42. Rb7+ Kf8 43. e6 Nh8 44. Bc2 Ng6 45. Bxf5 Nxf4 46. Ne4 Nd3+ 47. Ke3
Ne5 48. Nxd6 Bh5 49. Kf4 1-0

[Event "34th Leon Blitz Open 2021"]
[Site "chess.com INT"]
[Date "2021.07.07"]
[Round "8"]
[White "Filip, Lucian-Ioan"]
[Black "Sarkar, Justin"]
[Result "1/2-1/2"]
[WhiteTitle "IM"]
[BlackTitle "IM"]
[WhiteElo "2431"]
[BlackElo "2338"]
[WhiteFideId "1208900"]
[BlackFideId "2010011"]
[EventDate "2021.07.07"]

1. Nf3 d5 2. d4 Bf5 3. c4 e6 4. Nc3 Nc6 5. cxd5 exd5 6. Bf4 Bb4 7. Rc1 Nf6 8. a3
Bxc3+ 9. Rxc3 Ne4 10. Rc1 O-O 11. h3 Nd6 12. e3 Ne7 13. Be2 c6 14. O-O Ng6 15.
Bh2 Ne4 16. b4 a6 17. Qb3 Nh4 18. Rfd1 Nxf3+ 19. Bxf3 Qg5 20. Bf4 Qg6 21. Bxe4
Bxe4 22. Bg3 h5 23. h4 Qg4 24. Kh2 Qe6 25. f3 Bg6 26. Re1 Rfe8 27. Re2 f6 28.
Rce1 Bf7 29. e4 dxe4 30. Qxe6 Rxe6 31. Rxe4 Rae8 32. Rxe6 Rxe6 33. Rxe6 Bxe6 34.
Bc7 Kf7 35. a4 Bb3 36. a5 Ke6 37. Bb6 Kd5 38. Bc5 Bc4 39. Kg3 g6 40. Kf4 1/2-1/2

[Event "34th Leon Blitz Open 2021"]
[Site "chess.com INT"]
[Date "2021.07.07"]
[Round "8"]
[White "Pham, Le Thao Nguyen"]
[Black "Dobre, Claudiu-Cristian"]
[Result "1-0"]
[WhiteTitle "IM"]
[BlackTitle "IM"]
[WhiteElo "2369"]
[BlackElo "2314"]
[WhiteFideId "12401226"]
[BlackFideId "1211854"]
[EventDate "2021.07.07"]

1. d4 d5 2. Nf3 Nf6 3. Bf4 c6 4. e3 Bg4 5. c4 Nbd7 6. Nc3 e6 7. h3 Bxf3 8. gxf3
dxc4 9. Bxc4 Nb6 10. Be2 Nbd5 11. Bg3 Bd6 12. Be5 Nxc3 13. bxc3 Bxe5 14. dxe5
Qxd1+ 15. Kxd1 Nd7 16. f4 O-O-O 17. Kc2 Nb6 18. a4 a5 19. Rhd1 Kc7 20. Rd4 c5
21. Rdd1 Rxd1 22. Kxd1 Nd5 23. Kc2 g6 24. Rb1 Rd8 25. Bf3 b6 26. Be2 Ne7 27. e4
Rf8 28. Kd2 f6 29. exf6 Rxf6 30. Ke3 Nc6 31. Rd1 Rf8 32. Bg4 Rd8 33. Rg1 Re8 34.
h4 e5 35. f5 Rf8 36. h5 gxf5 37. Bxf5 Rf7 38. h6 Kd6 39. Rg7 Ke7 40. Bxh7 Nd8
41. Bg6 Kf6 42. Bxf7 Nxf7 43. Rg8 Nxh6 44. Rb8 Kg5 45. Rxb6 Ng4+ 46. Kf3 Nh2+
47. Kg2 Ng4 48. Rb5 c4 49. Rxa5 Kf4 50. Rc5 1-0

[Event "34th Leon Blitz Open 2021"]
[Site "chess.com INT"]
[Date "2021.07.07"]
[Round "8"]
[White "Guevara Sanchez, Erick Marvin"]
[Black "Valle Maytin, Luis Enrique"]
[Result "0-1"]
[WhiteTitle "FM"]
[BlackTitle "FM"]
[WhiteElo "2173"]
[BlackElo "2284"]
[WhiteFideId "6700136"]
[BlackFideId "3503666"]
[EventDate "2021.07.07"]

1. e4 d5 2. exd5 Qxd5 3. Nc3 Qa5 4. d4 c6 5. Bc4 Nf6 6. Bd2 Qc7 7. Nge2 e6 8.
Bf4 Bd6 9. Qd2 Nbd7 10. O-O-O b5 11. Bxd6 Qxd6 12. Bb3 a5 13. a4 b4 14. Nb1 Ba6
15. Rhe1 O-O 16. Qf4 Qxf4+ 17. Nxf4 Nb6 18. Nd3 Bxd3 19. Rxd3 Nfd5 20. Nd2 Rac8
21. g3 c5 22. dxc5 Rxc5 23. Ne4 Rc6 24. Red1 h6 25. Kb1 Rfc8 26. R1d2 Kf8 27. f4
g6 28. Rf2 h5 29. h3 Ke7 30. g4 hxg4 31. hxg4 Nf6 32. Nxf6 Kxf6 33. Rfd2 Nc4 34.
Bxc4 Rxc4 35. Rd4 R8c5 36. Kc1 g5 37. fxg5+ Kxg5 38. Kd1 Rxd4 39. Rxd4 Rd5 40.
Rxd5+ exd5 41. b3 Kxg4 42. c3 bxc3 43. b4 axb4 44. a5 b3 45. a6 b2 46. Kc2 d4
47. a7 d3+ 48. Kxc3 b1=Q 49. a8=Q Qc2+ 50. Kd4 d2 51. Qg2+ Kf5 52. Qf3+ Ke6 53.
Qc6+ Qxc6 0-1

[Event "34th Leon Blitz Open 2021"]
[Site "chess.com INT"]
[Date "2021.07.07"]
[Round "8"]
[White "Ibarra Jerez, Jose Carlos"]
[Black "Gorodetzky, David"]
[Result "1-0"]
[WhiteTitle "GM"]
[BlackTitle "IM"]
[WhiteElo "2558"]
[BlackElo "2496"]
[WhiteFideId "2226332"]
[BlackFideId "2813416"]
[EventDate "2021.07.07"]

1. e4 e5 2. Nf3 Nc6 3. d4 exd4 4. Nxd4 Nf6 5. Nxc6 dxc6 6. Qxd8+ Kxd8 7. Nc3 Be6
8. f3 Nd7 9. Bd2 Bd6 10. O-O-O f6 11. f4 Re8 12. Be2 b5 13. Bf3 Rb8 14. e5 fxe5
15. Bxc6 Rb6 16. Bxb5 exf4 17. Ba4 g5 18. Nb5 Ra6 19. Nxd6 cxd6 20. b3 Kc7 21.
Bb5 Rb6 22. Ba5 Rf8 23. Bxd7 Bxd7 24. Rhe1 Rf7 25. Rd5 h6 26. c4 Bc6 27. Rd2 g4
28. Re6 f3 29. gxf3 gxf3 30. Rf2 h5 31. Rh6 Rg7 32. Rxh5 Kb7 33. Bxb6 Kxb6 34.
Kd2 a5 35. h4 Rg1 36. Rh2 Ra1 37. Ke3 Re1+ 38. Kf2 Ra1 39. Kg3 Rg1+ 40. Kf4 Rf1
41. Rf5 Re1 42. h5 Re2 43. Kg3 Re1 44. h6 Rg1+ 45. Kf2 1-0

[Event "34th Leon Blitz Open 2021"]
[Site "chess.com INT"]
[Date "2021.07.07"]
[Round "8"]
[White "Lobanov, Sergei"]
[Black "Onischuk, Vladimir"]
[Result "0-1"]
[WhiteTitle "IM"]
[BlackTitle "GM"]
[WhiteElo "2514"]
[BlackElo "2622"]
[WhiteFideId "24183750"]
[BlackFideId "14114038"]
[EventDate "2021.07.07"]

1. e4 d6 2. d4 Nf6 3. Nc3 g6 4. f4 Bg7 5. Nf3 O-O 6. Bd3 Na6 7. O-O c5 8. d5 Bg4
9. h3 Bxf3 10. Rxf3 Nc7 11. a4 a6 12. a5 Nb5 13. Bd2 b6 14. axb6 Qxb6 15. Kh1 c4
16. Bxc4 Nxc3 17. Bxc3 Nxe4 18. Bxg7 Kxg7 19. Qe1 Nf6 20. b3 a5 21. Re3 Rfe8 22.
Qc3 Qc5 23. Rae1 Kg8 24. Qd3 a4 25. Bb5 Reb8 26. Bc6 axb3 27. Bxa8 b2 28. Rb1
Rxa8 29. Rxb2 Ra1+ 30. Kh2 Nxd5 31. Re4 Qg1+ 32. Kg3 Rd1 33. Qf3 Rf1 34. Qd3 Nf6
35. Rxe7 Nh5+ 36. Kh4 Rxf4+ 37. Kg5 Qc1 38. Rb8+ Kg7 39. Qc3+ Rd4+ 40. Re3 h6# 0-1

[Event "34th Leon Blitz Open 2021"]
[Site "chess.com INT"]
[Date "2021.07.07"]
[Round "8"]
[White "Matveev, Vladimir3"]
[Black "Vovk, Orest"]
[Result "0-1"]
[WhiteTitle "FM"]
[BlackTitle "FM"]
[WhiteElo "2344"]
[BlackElo "2315"]
[WhiteFideId "24130753"]
[BlackFideId "14113490"]
[EventDate "2021.07.07"]

1. d4 Nc6 2. Nf3 d6 3. c4 Bg4 4. Nc3 Nf6 5. d5 Ne5 6. Nxe5 dxe5 7. f3 Bd7 8. e4
e6 9. Be3 exd5 10. cxd5 Bd6 11. Be2 O-O 12. O-O c6 13. Bg5 cxd5 14. Nxd5 Be7 15.
Nxe7+ Qxe7 16. Rc1 Be6 17. Qa4 h6 18. Bh4 a6 19. a3 Rfc8 20. Qa5 Rxc1 21. Rxc1
Rc8 22. Rxc8+ Bxc8 23. Bg3 Nd7 24. Qc7 Qe8 25. Bc4 Kh7 26. h4 f6 27. Be1 Nf8 28.
Qf7 Qxf7 29. Bxf7 Be6 30. Bxe6 Nxe6 31. Kf2 Kg6 32. Ke3 Kf7 33. h5 g6 34. hxg6+
Kxg6 35. Bd2 h5 36. Kd3 b5 37. Kc3 a5 38. Kd3 f5 39. Ke3 a4 40. Bc3 Kf6 41. Kf2
Nd4 42. Bxd4 exd4 43. exf5 Kxf5 44. g3 Ke5 45. Ke2 Kd6 46. Kd3 Kc5 47. g4 h4 48.
g5 Kd5 49. g6 Ke6 50. g7 Kf7 51. g8=Q+ Kxg8 52. Kxd4 h3 53. Ke3 h2 0-1

[Event "34th Leon Blitz Open 2021"]
[Site "chess.com INT"]
[Date "2021.07.07"]
[Round "8"]
[White "Golubev, Mikhail"]
[Black "Dhulipalla, Bala Chandra Prasad"]
[Result "0-1"]
[WhiteTitle "GM"]
[BlackTitle "IM"]
[WhiteElo "2461"]
[BlackElo "2425"]
[WhiteFideId "14100983"]
[BlackFideId "25005812"]
[EventDate "2021.07.07"]

1. e4 Nc6 2. Nc3 e6 3. Nf3 Bb4 4. d4 d6 5. Bd2 Nf6 6. Bd3 e5 7. a3 Ba5 8. dxe5
dxe5 9. Bb5 O-O 10. Bxc6 bxc6 11. O-O Bg4 12. Bg5 Bxc3 13. Qxd8 Rfxd8 14. bxc3
Bxf3 15. gxf3 Rab8 16. Rab1 Rb6 17. Be3 Ra6 18. Rb3 Nd7 19. Rd1 Kf8 20. Rb7 Ke8
21. Rxc7 Rxa3 22. Rxc6 Ra2 23. Rcd6 Ra4 24. Kf1 Ra2 25. R1d2 Rb2 26. Ke2 Rb7 27.
c4 Rc8 28. Ra6 Rcc7 29. Kd3 Nb8 30. Ra5 Nc6 31. Rc5 Rd7+ 32. Kc3 Rxd2 33. Kxd2
Kd7 34. Rd5+ Kc7 35. Bc5 f6 36. Bf8 Kc8 37. Rb5 Rf7 38. Bd6 Nd4 39. Rb8+ Kd7 40.
Rb7+ Ke6 41. Rxf7 Kxf7 42. c5 Nxf3+ 43. Ke3 Nd4 44. c3 Nc6 45. Kd3 Ke6 46. Kc4
a6 47. Bf8 g6 48. f3 f5 49. Bd6 h5 50. h4 f4 51. Kd3 Nd8 52. Bf8 Nc6 53. Bh6 Na5
54. Bg5 Kd7 55. Bf6 Ke6 56. Bg5 Nc6 57. Kc4 Kd7 58. Kb3 Nb8 59. Kc4 Kc6 60. Bf6
Nd7 61. Bg7 a5 62. Bh8 g5 63. hxg5 h4 64. g6 h3 0-1

[Event "34th Leon Blitz Open 2021"]
[Site "chess.com INT"]
[Date "2021.07.07"]
[Round "8"]
[White "Ibrahimli, Murad"]
[Black "Demchenko, Anton"]
[Result "1-0"]
[WhiteTitle "IM"]
[BlackTitle "GM"]
[WhiteElo "2436"]
[BlackElo "2600"]
[WhiteFideId "13410229"]
[BlackFideId "4160258"]
[EventDate "2021.07.07"]

1. d4 d5 2. c4 e6 3. Nc3 c5 4. e3 Nf6 5. Nf3 Nc6 6. a3 a6 7. dxc5 Bxc5 8. b4 Bd6
9. Bb2 O-O 10. Be2 dxc4 11. Bxc4 b5 12. Ba2 Bb7 13. O-O Rc8 14. Ne2 Qe7 15. Ng3
Rfd8 16. Qe2 h6 17. Rac1 Rc7 18. Rfd1 Rcd7 19. Bb1 Bb8 20. Rxd7 Nxd7 21. Qc2 Nf8
22. Ne4 a5 23. Nc5 axb4 24. Nxb7 Qxb7 25. axb4 Ne7 26. Nd4 Rc8 27. Qd2 Rd8 28.
Qe2 Bd6 29. Nxb5 Bb8 30. h3 Nd5 31. Be4 f5 32. Bf3 Ng6 33. g3 Be5 34. Bxe5 Nxe5
35. Bg2 Qb6 36. Nd4 Nxb4 37. Rb1 Rb8 38. f4 Ned3 39. Kh2 Kh7 40. Qd2 Nc5 41. g4
Ne4 42. Bxe4 fxe4 43. Qc3 Qa5 44. Qc4 Rb6 45. Kg3 Qa3 46. Rb3 Qc1 47. Qxc1 Nd3
48. Qb1 Rd6 49. Rxd3 1-0

[Event "34th Leon Blitz Open 2021"]
[Site "chess.com INT"]
[Date "2021.07.07"]
[Round "8"]
[White "Sjugirov, Sanan"]
[Black "Gabrielian, Artur"]
[Result "1-0"]
[WhiteTitle "GM"]
[BlackTitle "GM"]
[WhiteElo "2661"]
[BlackElo "2460"]
[WhiteFideId "4189302"]
[BlackFideId "4131002"]
[EventDate "2021.07.07"]

1. e4 c5 2. Nf3 Nc6 3. Bb5 g6 4. O-O Bg7 5. c3 Nf6 6. Re1 O-O 7. d4 cxd4 8. cxd4
d5 9. e5 Ne4 10. Bxc6 bxc6 11. Be3 f6 12. exf6 exf6 13. Nbd2 g5 14. Qc2 Qd6 15.
Nxe4 dxe4 16. Qxe4 Be6 17. Bf4 Qxf4 18. Qxf4 gxf4 19. Rxe6 Rac8 20. Rc1 f5 21.
Rexc6 Rcd8 22. R1c4 Rfe8 23. Kf1 a5 24. R6c5 Ra8 25. Rxf5 Reb8 26. b3 a4 27.
Rxa4 Rxa4 28. bxa4 Rb1+ 29. Ne1 Bxd4 30. Rxf4 Bc3 31. Re4 Ra1 32. g3 Rxa2 33.
Nf3 Ba5 34. Ng1 Kf7 35. Kg2 Kf6 36. h4 h5 37. Nh3 Bb6 38. Rb4 Ba7 39. Rb5 Kg6
40. a5 Bd4 41. Nf4+ Kf7 42. Rf5+ Ke7 43. Nxh5 Ke6 44. Rf4 Be5 45. Rf3 Rxa5 46.
Nf4+ Kd6 47. Ng6 Bb2 48. Kh3 Ra1 49. Kg4 Bd4 50. Rd3 Kc5 51. f4 Kc4 52. Rf3 Kd5
53. h5 Ke4 54. Rb3 Ra6 55. Rb8 Bf2 56. Re8+ Kd5 57. Nh4 Ra3 58. Nf5 1-0

[Event "34th Leon Blitz Open 2021"]
[Site "chess.com INT"]
[Date "2021.07.07"]
[Round "8"]
[White "Bures, Vit"]
[Black "Estrada Nieto, Julian"]
[Result "0-1"]
[WhiteTitle "CM"]
[BlackTitle "IM"]
[WhiteElo "2144"]
[BlackElo "2280"]
[WhiteFideId "309052"]
[BlackFideId "5101018"]
[EventDate "2021.07.07"]

1. d4 Nf6 2. c4 e6 3. Nc3 c5 4. d5 exd5 5. cxd5 d6 6. e4 g6 7. f4 Bg7 8. Bb5+
Nfd7 9. Nf3 O-O 10. O-O a6 11. Bd3 b5 12. Kh1 Re8 13. a3 c4 14. Bc2 Nc5 15. Be3
Qc7 16. Bd4 f6 17. Qd2 Bg4 18. Rae1 Bxf3 19. Rxf3 Nbd7 20. h4 Re7 21. h5 Rae8
22. hxg6 hxg6 23. Rg3 Nf8 24. Rge3 Nb3 25. Bxb3 cxb3 26. Qd1 Qc4 27. Qd2 Bh6 28.
g3 Rh7 29. Kg2 Nd7 30. Ne2 Nc5 31. Nc3 Bg7 32. Qe2 Bh8 33. Qxc4 bxc4 34. e5 fxe5
35. fxe5 Nd3 36. R1e2 Bxe5 37. Bxe5 dxe5 38. Ne4 Kg7 39. d6 Rhh8 40. Ng5 Rhf8
41. Nf3 Rf6 42. Nxe5 Nxe5 43. Rxe5 Rxe5 44. Rxe5 Rxd6 45. Re2 Rc6 46. Kf1 c3 47.
bxc3 Rxc3 48. g4 Kf6 49. Rb2 Kg5 50. a4 Kxg4 51. a5 g5 0-1